| 000 | 00864cam a22002655a 4500 | ||
|---|---|---|---|
| 001 | 18998995 | ||
| 005 | 20171031120235.0 | ||
| 008 | 160303t2016 gw frb 001 0 eng d | ||
| 010 | _a 2016935068 | ||
| 020 | _a9783319273457 (hard cover : alk. paper) | ||
| 040 |
_aDLC _beng _cDLC _dEG-ScBUE |
||
| 082 | 0 | 4 |
_a615.1 _bCLI _222 |
| 245 | 0 | 0 |
_aClinical pharmacology : _bcurrent topics and case studies / _cedited by Markus Muller. |
| 250 | _a2nd ed. | ||
| 260 |
_aCham ; _aNew York : _bSpringer International Publishing, _cc.2016. |
||
| 300 |
_avi, 405 p. ; _c24 cm. |
||
| 504 | _aIncludes bibliographical references and index. | ||
| 650 | 7 |
_aPharmacology. _2BUEsh |
|
| 650 | 7 |
_aClinical pharmacology. _2BUEsh _938454 |
|
| 651 | _2BUEsh | ||
| 653 |
_bPPhrm _cOctober2017 |
||
| 655 |
_vReading book _934232 |
||
| 700 | 1 |
_aMuller, Markus, _eeditor. |
|
| 942 | _2ddc | ||
| 999 |
_c25525 _d25497 |
||